Mejore su autoestima / (Registro nro. 10901)

Detalles MARC
000 -LIDER
fixed length control field 00789nam a22002657a 4500
001 - NÚMERO DE CONTROL
Identificador de número de control 000389
003 - IDENTIFICACDOR DE NÚMERO DE CONTROL
control field DO-SdBPM
005 - DATE AND TIME OF LATEST TRANSACTION
control field 20250114111644.0
007 - CAMPOS FIJOS DE DESCRIPCIÓN FÍSICA
fixed length control field 000389
008 - ELEMENTOS DE LONGITUD FIJA
fixed length control field 160715b2006 pe |||| 00| 0 spa d
020 ## - ISBN
International Standard Book Number 9789972233067
040 ## - FUENTE DE CATALOGACIÓN
Agencia que crea de manera original el registro DO-SdBPM
Idioma de catalogación spa
Agencia que realiza la transcripción BPMSU
082 #4 - NÚMERO DE CLASIFICACIÓN DECIMAL DE DEWEY
Classification number 158.1
Item number A243m 2006
Edition number 22
100 1# - ASIENTO PRINCIPAL -- NOMBRE PERSONAL
Nombre personal Adrianzén Herrera, Walter
245 10 - MENCIÓN DE TITULO
Título Mejore su autoestima /
Mención de responsabilidad Walter Adrianzen Herrera
260 ## - PUBLICACIÓN, DISTRIBUCIÓN, ETC. (PIE DE IMPRENTA)
Lugar de publicación, distribución, etc Lima, Perú :
Nombre del editor, distribuidor, etc. Ediciones Mirbet,
Fecha de publicación, distribución, etc 2006.
Fecha de impresión
300 ## - DESCRIPCIÓN FÍSICA
Extensión 135 p. :
Otros detalles físicos il., retrs., ;
Dimensiones 21 cm.
490 0# - MENCIÓN DE SERIES
Mención de serie Crecimiento personal
500 ## - NOTA GENERAL
Nota general Inventariado, 2025/VM
504 ## - NOTA DE BIBLIOGRAFÍA, ETC.
Bibliography, etc Bibliografía : p. 135
650 #4 - ENCABEZAMIENTO DE MATERIA--TEMÁTICO
Término temático o nombre geográfico como elemento de entrada Autoestima
Subdivisión de forma
Fuente del encabezamiento o término
650 #4 - ENCABEZAMIENTO DE MATERIA--TEMÁTICO
Término temático o nombre geográfico como elemento de entrada Autorrealización (Psicología)
910 ## - VALIDACIÓN
Validación VMateo V. Control de calidad BPMSU
942 ## - ADDED ENTRY ELEMENTS (KOHA)
Source of classification or shelving scheme Dewey Decimal Classification
Koha item type Libros
Existencias
Withdrawn status Lost status Source of classification or shelving scheme Damaged status Not for loan Collection code Home library Current library Date acquired Source of acquisition Total Checkouts Full call number Barcode Date last seen Price effective from Koha item type Copy number
    Dewey Decimal Classification     Colección General Biblioteca Pública Metropolitana Salomé Ureña Biblioteca Pública Metropolitana Salomé Ureña 07/15/2016 FUNDI   158.1 A243m BPMSU16070494 07/15/2016 07/15/2016 Libros  
    Dewey Decimal Classification     Colección General Biblioteca Pública Metropolitana Salomé Ureña Biblioteca Pública Metropolitana Salomé Ureña 07/15/2016 FUNDI   158.1 A243m BPMSU16070502 07/15/2016 07/15/2016 Libros e. 2
    Dewey Decimal Classification     Colección General Biblioteca Pública Metropolitana Salomé Ureña Biblioteca Pública Metropolitana Salomé Ureña 09/16/2016 FUNDI   BPMSU CG 158.1 A243m BPMSU18020054 09/16/2016 09/16/2016 Libros e.3